NBA Players According To Teams Played #2 - Statistics

General Stats
  • This quiz has been taken 2,635 times
  • The average score is 5 of 15
Answer Stats
Hint Answer % Correct
Suns, Mavericks, Suns, Lakers Steve Nash
87%
Warriors, 76ers, Lakers Wilt Chamberlain
70%
SuperSonics, Bucks, Lakers, Celtics, Heat Gary Payton
53%
76ers, Nuggets, Pistons, Grizzlies, 76ers Allen Iverson
48%
Bulls, Rockets, Trail Blazers, Bulls Scottie Pippen
47%
Pistons, Spurs, Bulls, Lakers, Mavericks Dennis Rodman
36%
Knicks, SuperSonics, Magic Patrick Ewing
30%
Warriors, Pacers, Warriors Chris Mullin
27%
SuperSonics, Cavaliers, Trail Blazers, Magic Shawn Kemp
25%
Lakers, Hornets, Kings, Lakers Vlade Divac
20%
Hawks, Clippers, Celtics, Spurs, Magic Dominique Wilkins
18%
Nets, Spurs, Hawks, Pacers, Warriors, Bobcats, Bucks, Spurs Stephen Jackson
16%
Bulls, Knicks, Warriors, Hawks, Trail Blazers, Clippers Jamal Crawford
14%
Warriors, Mavericks, Wizards, Cavaliers, Lakers Antawn Jamison
13%
Mavericks, Knicks, Mavericks, Magic, Lakers Derek Harper
5%
No matching quizzes found
Score Distribution
Percent of People with Each Score
Percentile by Number Answered
Your Score History
You have not taken this quiz